000 00394 a2200157 4500
001 166781
020 _a
040 _cMagnum
100 _aMarques, Adhemar Martins
240 1 0 _aRevolucao russa: da construcao a desconstrucao da urss
_lpor
245 1 0 _aRevolucao russa: da construcao a desconstrucao da urss
362 0 _a1899
440 1 _aLĂȘ
697 _aPARADIDATICO
942 _cBK
999 _c166781
_d166781